Imágenes de los naturales en el arte de la Nueva España (Record no. 1772)

MARC details
000 -CABECERA
campo de control de longitud fija 00914nam a2200241 a 4500
001 - NÚMERO DE CONTROL
campo de control BRCA_2005
005 - FECHA Y HORA DE LA ÚLTIMA TRANSACCIÓN
campo de control 20190320203631.0
008 - DATOS DE LONGITUD FIJA--INFORMACIÓN GENERAL
campo de control de longitud fija 120608s2005----mx-a######---#000-0#spa-#
020 ## - NÚMERO INTERNACIONAL ESTÁNDAR DEL LIBRO
Número Internacional Estándar del Libro 9685234507
041 ## - CÓDIGO DE LENGUA
Código de lengua del texto/banda sonora o título independiente spa
044 ## - CÓDIGO DEL PAÍS DE LA ENTIDAD EDITORA/PRODUCTORA
Código MARC del país mx
050 #4 - SIGNATURA TOPOGRÁFICA DE LA BIBLIOTECA DEL CONGRESO
Número de clasificación N8217
Número de documento/Ítem .I43 2005
245 10 - MENCIÓN DE TÍTULO
Título Imágenes de los naturales en el arte de la Nueva España
Resto del título siglos XVI al XVIII
Mención de responsabilidad, etc. Elisa Vargaslugo ... [et al.].
260 ## - PUBLICACIÓN, DISTRIBUCIÓN, ETC.
Lugar de publicación, distribución, etc. México
Nombre del editor, distribuidor, etc. Fomento Cultural Banamex
Fecha de publicación, distribución, etc. 2005
300 ## - DESCRIPCIÓN FÍSICA
Extensión 564 p.
Otras características físicas il. a color
Dimensiones 33 cm.
500 ## - NOTA GENERAL
Nota general Incluye apéndice: corpus documental, índice de documentos, índice de nombres, índice de lugares y lista de ilustraciones
500 ## - NOTA GENERAL
Nota general Incluye piezas de la colección Franz Mayer: p. 70 y 106-107
504 ## - NOTA DE BIBLIOGRAFÍA, ETC.
Nota de bibliografía, etc. Bibliografía: p. [541]-547
650 14 - PUNTO DE ACCESO ADICIONAL DE MATERIA--TÉRMINO DE MATERIA
Término de materia o nombre geográfico como elemento de entrada Arte novohispano
9 (RLIN) 4249
650 14 - PUNTO DE ACCESO ADICIONAL DE MATERIA--TÉRMINO DE MATERIA
Término de materia o nombre geográfico como elemento de entrada Pintura novohispana
Subdivisión cronológica Siglo XVI-XVIII
Subdivisión geográfica México
9 (RLIN) 6143
700 1# - PUNTO DE ACCESO ADICIONAL--NOMBRE DE PERSONA
Nombre de persona Vargaslugo, Elisa
9 (RLIN) 356
942 ## - ELEMENTOS DE PUNTO DE ACCESO ADICIONAL (KOHA)
Fuente del sistema de clasificación o colocación Library of Congress Classification
Tipo de ítem Koha Libros
Holdings
Estado de retiro Estado de pérdida Estado dañado No para préstamo Localización permanente Ubicación/localización actual Fecha de adquisición Total de préstamos Signatura topográfica completa Código de barras Fecha visto por última vez Precio válido a partir de Tipo de ítem Koha
El ejemplar forma parte de la colección y puede ser consultado según las políticas vigentes.       Biblioteca del Museo Franz Mayer (Rogerio Casas-Alatriste) Biblioteca del Museo Franz Mayer (Rogerio Casas-Alatriste) 30/07/2008   N8217 .I43 2005 02508 22/03/2019 22/03/2019 Libros